| 000 | 00783nam a2200265 a 4500 | ||
|---|---|---|---|
| 001 | 77161 | ||
| 003 | BD-RjUL | ||
| 005 | 20211209082931.0 | ||
| 008 | 200227r19541930enka b 001 0 eng | ||
| 035 | _a(BD-RjUL)77385 | ||
| 040 |
_aDLC _cOOrrW _dOOrrW _dOCoLC _dDLC _dBD-RjUL _beng |
||
| 041 | _aeng | ||
| 082 |
_223 _a821.09 _bHAM 1954 |
||
| 100 | 1 |
_aHamer, Enid. _9240030 |
|
| 245 | 1 | 4 |
_aThe metres of English poetry / _cby Enid Hamer. |
| 250 | _a4th ed. | ||
| 260 |
_aLondon : _bMethuen, _c1930, [reprinted 1951,1954] |
||
| 300 |
_axi, 340 p. _b20 cm. |
||
| 504 | _a"List of texts and editions": p. 327-334. | ||
| 650 | 0 |
_aEnglish language _xVersification. _9240031 |
|
| 650 | 0 |
_aSonnets, English _9240032 |
|
| 942 |
_2ddc _cBK |
||
| 999 |
_c77161 _d77161 |
||